[Event "Brasil Copel Telecom SESC 2018"]
[Site "Caioba Matinhos"]
[Date "2018.08.04"]
[Round "7"]
[White "Cubas, Jose Fernando"]
[Black "Rodriguez Vila, Andres"]
[Result "1/2-1/2"]
[WhiteElo "2489"]
[BlackElo "2487"]
[Annotator "TA"]
[PlyCount "112"]
[EventDate "2018.08.01"]
[EventType "swiss"]
[EventCountry "BRA"]
[SourceTitle "playchess.com"]
[Source "ChessBase"]
[SourceQuality "1"]

{[%evp 21,112,1,87,84,91,91,91,89,90,81,86,81,92,0,0,0,33,41,39,34,25,25,39,26,39,31,54,40,54,53,60,42,50,27,44,32,39,19,14,5,5,5,22,14,12,0,13,0,12,0,0,-82,-85,-68,-8,-8,0,0,0,0,0,0,0,-99,-97,-164,0,0,0,0,0,0,0,0,0,0,0,0,0,0,0,0,0,0,0,0,0,0,0,0,0,0,0]} 1. e4 e5 2. Nf3 Nc6 3. Bb5 a6 4. Ba4 Nf6 5. O-O b5 6. Bb3 Bc5 7. a4 Rb8 8. c3 d6 9. d4 Bb6 10. a5 {C78: Spanische Partie (Archangelsk- und Möller-Variante)} Ba7 11. Be3 (11. h3 O-O 12. Re1 Bb7 13. Be3 exd4 14. cxd4 Ne7 15. Nbd2 Bxe4 16. Nxe4 Nxe4 17. Qc2 d5 {0-1 (33) Yu,Y (2759)-Svidler,P (2753) Shenzhen 2018}) 11... O-O {LiveBook: 3 Partien} (11... Bg4 $11) 12. dxe5 $16 {Droht stark Lxa7.Weiß steht besser.} Bxe3 13. exf6 Bh6 14. fxg7 Bxg7 15. Qd5 Ne5 16. Nxe5 dxe5 {[#]} 17. Qxd8 $146 (17. Na3 $16) ({Vorgänger:} 17. Qc5 Kh8 {1-0 (59) Benjamin,J (2552)-Perelshteyn,E (2534) ICC INT 2011}) 17... Rxd8 $11 18. Na3 b4 19. cxb4 $1 Rxb4 20. Bd5 Bb7 21. Nc2 Rxb2 22. Ne3 Bxd5 23. Nxd5 c6 24. Ne7+ Kf8 25. Nf5 Rb5 26. Rfc1 c5 27. Ra3 Bf6 28. h4 Ke8 29. g3 Be7 30. Ne3 Rd4 31. f3 Bd8 32. Nc4 f6 33. Kf2 Kd7 34. Ke3 Bc7 35. h5 Kc6 36. f4 (36. g4 $11) 36... exf4+ 37. gxf4 {[#]} Rb4 (37... f5 $1 $15 {[%mdl 512]} 38. e5 (38. exf5 Bxf4+) 38... Rb4) 38. Rac3 Kb5 39. Na3+ Ka4 40. Nc2 Rxe4+ 41. Kd3 Bxf4 42. Nxb4 (42. Rf1 $11 {hält das Gleichgewicht.}) 42... Rd4+ $17 ({Viel schwächer wäre} 42... Rxb4 $6 43. R1c2 $11) 43. Kc2 {[#]} (43. Ke2 $17 Kxb4 44. R1c2) 43... Bxc1 $2 ({Lieber nicht} 43... cxb4 44. Ra1+ Kb5 45. Rd3 $11) ({Schwächer ist} 43... Rxb4 44. Re1 $11) (43... Rd2+ $1 $19 44. Kb1 cxb4) 44. Nxa6 $19 {[%mdl 4096] Endspiel KTL-KTS. Die Stellung ist ausgeglichen.} Bd2 45. Nxc5+ Kb5 46. Rd3 Rc4+ 47. Kxd2 Rxc5 $11 {KT-KT} 48. h6 {Und Td7 würde nun gewinnen.} Rh5 49. a6 Kxa6 50. Rd6+ Kb5 51. Rxf6 Kc5 52. Ra6 {Weiss will mit Ta5+ Matt setzen.} Rh3 53. Ke2 Kd5 54. Kf2 Ke4 55. Kg2 Rh5 56. Ra4+ Kf5 {Precision: Weiß = 67%, Schwarz = 52%.} 1/2-1/2

[Event "Brasil Copel Telecom SESC 2018"]
[Site "Caioba Matinhos"]
[Date "2018.08.04"]
[Round "7"]
[White "Santiago, Yago De Moura"]
[Black "Quintiliano Pinto, Renato R."]
[Result "1-0"]
[WhiteElo "2460"]
[BlackElo "2436"]
[Annotator "TA"]
[PlyCount "92"]
[EventDate "2018.08.01"]
[EventType "swiss"]
[EventCountry "BRA"]
[SourceTitle "playchess.com"]
[Source "ChessBase"]
[SourceQuality "1"]

{[%evp 11,92,-8,30,0,0,-5,12,8,12,6,36,32,33,35,36,25,64,26,33,26,25,12,9,11,10,0,26,0,72,22,43,-8,-7,-9,-13,-16,45,-141,-53,-50,-6,-3,0,0,0,0,0,0,0,0,233,237,235,231,230,230,222,232,219,218,172,35,41,0,0,0,0,0,349,222,251,390,12837,12837,2774,530,504,495,444,140,1583,1506,1861]} 1. d4 d5 2. c4 c6 3. Nc3 Nf6 4. e3 e6 5. b3 Nbd7 (5... Bb4 6. Bd2 Nbd7 7. a3 Be7 8. Nf3 O-O 9. Bd3 b6 10. O-O Bb7 11. Qe2 c5 12. Rfd1 Rc8 13. cxd5 Nxd5 14. Ba6 Nxc3 15. Bxc3 Bxa6 16. Qxa6 cxd4 17. Bxd4 Qc7 18. Qb5 Rfd8 19. a4 {½-½ (19) Kuzubov,Y (2690)-Wang,H (2706) Baile Govora 2017}) 6. Bd3 {D31: Queen's Gambit Declined: Semi-Slav without ...Nf6 (+ Marshall Gambit and Noteboom) and Exchange Variation lines without ...Nf6} Bd6 {LiveBook: 14 Games} 7. Nge2 O-O 8. O-O {The position is equal.} b6 $146 ({Predecessor:} 8... Re8 9. f3 Qc7 10. h3 a6 11. Qc2 e5 12. Bb2 exd4 13. exd4 h6 {0-1 (51) Da Costa,L (1962)-Do Valle Cardoso,L (1659) Florianopolis 2017}) 9. Ng3 Bb7 10. e4 Bb4 11. Bb2 dxe4 12. Ncxe4 Be7 13. Qc2 h6 14. Rad1 Qc7 15. Qe2 Rfe8 16. Bb1 Rad8 17. Qc2 Nxe4 18. Nxe4 Kf8 19. Rfe1 Nf6 (19... f5 $1 $11 {remains equal.}) 20. Nxf6 Bxf6 21. Ba3+ (21. c5 $14) 21... c5 $11 22. d5 exd5 23. Qh7 {[%cal Rh7h8]} Re5 (23... g5 $11) 24. f4 $2 (24. cxd5 $14 Rdxd5 25. Bb2) 24... Rxe1+ ({Black should play} 24... Re6 $17 25. Bf5 Rxe1+ 26. Rxe1 g6 27. Bxg6 dxc4) 25. Rxe1 $15 {[%cal Rh7h8]} g6 26. f5 $1 $132 {[%cal Rf5g6][%mdl 2048] White has counterplay} dxc4 27. Bc1 $1 {[%cal Rc1h6]} g5 28. Qxh6+ Bg7 29. Qxg5 {White threatens f6 and mate.} Qd6 30. bxc4 Re8 $2 (30... Bc3 $11 {and Black is okay.} 31. Bf4 Qd4+ 32. Be3 Qd6) 31. Rxe8+ $18 Kxe8 32. Qxg7 Qd1+ 33. Kf2 {Strongly threatening Qg8+.} Qxc1 34. Qe5+ Kd7 {[#]} 35. Bd3 $1 Qg5 36. Bf1 (36. g3 $18) 36... Bc6 37. g3 Qh5 $1 38. h4 {[%cal Bh2h4,Bh4h5,Bh5h6][%mdl 32] Be2 is the strong threat.} Qf3+ 39. Ke1 {Black must now prevent f6.} Qa3 $2 {[%mdl 8192]} (39... f6 $1 $11 40. Qxf6 Qxg3+ 41. Kd1 Ba4+ 42. Ke2 Qh2+ 43. Ke1 Qg3+ 44. Ke2 Qh2+ 45. Ke3 Qg3+ 46. Ke2) 40. h5 Kc8 41. Be2 Qxa2 $2 (41... Qc1+ 42. Kf2 Qh1) 42. h6 Qb1+ 43. Kf2 (43. Kd2 $142 f6 44. Qxf6) 43... Qh1 44. Qh8+ Kb7 {[#]} 45. Qg7 $1 Qg2+ $2 {[%mdl 8192]} (45... Ka6 $16) 46. Ke3 Qe4+ {Precision: White = 53%, Black = 37%.} 1-0

[Event "Brasil Copel Telecom SESC 2018"]
[Site "Caioba Matinhos"]
[Date "2018.08.04"]
[Round "7"]
[White "Garcia Palermo, Carlos"]
[Black "Perdomo, Leandro"]
[Result "0-1"]
[WhiteElo "2390"]
[BlackElo "2478"]
[Annotator "TA"]
[PlyCount "66"]
[EventDate "2018.08.01"]
[EventType "swiss"]
[EventCountry "BRA"]
[SourceTitle "playchess.com"]
[Source "ChessBase"]
[SourceQuality "1"]

{[%evp 22,66,0,0,7,-19,-12,-22,-2,-119,-110,-115,-120,-199,-108,-129,-134,-210,-196,-204,-190,-424,-393,-432,-436,-434,-424,-411,-301,-398,-376,-415,-410,-411,-412,-409,-402,-393,-334,-328,-294,-255,-252,-552,-547,-547,-547]} 1. d4 Nf6 2. c4 g6 3. Nc3 Bg7 4. e4 d6 5. Be2 O-O 6. Bg5 c5 7. dxc5 dxc5 8. e5 {E74: King's Indian: Averbakh Variation: 6...c5} Nfd7 9. f4 f6 10. exf6 Nxf6 11. Nf3 Nc6 12. O-O {LiveBook: 3 Games} Bf5 13. Ne5 $146 ({Predecessor:} 13. Qe1 Nd4 14. Rd1 Qb6 15. b3 Rad8 {1-0 (35) Benjamin,J (2535)-Kindermann,S (2480) Dortmund 1985}) 13... Qd4+ 14. Qxd4 cxd4 15. Nb5 (15. Nd5 $11) 15... Ne4 $17 16. g4 Nxe5 17. gxf5 (17. fxe5 $17 Nxg5 18. gxf5) 17... Nxg5 ({Weaker is} 17... gxf5 18. Bxe7 d3 19. Bxf8 $15) ({Black should play} 17... d3 $19 18. Bf3 Nxf3+ 19. Rxf3 d2 20. Bxe7 Rxf5) 18. fxe5 Bxe5 {[#] White must now prevent ...a6.} 19. Rad1 (19. Bd3 $17) 19... Nh3+ ({Don't do} 19... gxf5 20. Nxd4 e6 21. Nf3) ({Resist} 19... Rxf5 20. Rxf5 gxf5 21. Nxd4 $17) 20. Kg2 Nf4+ 21. Kf3 $2 (21. Rxf4 Bxf4 22. Nxd4) 21... Rxf5 $19 22. Ke4 Raf8 23. Bg4 Rg5 24. Bd7 d3 {[%cal Bd4d3,Bd3e2][%mdl 32]} 25. Nd4 {White wants to play Nf3.} Bb8 26. Nf3 Rg2 27. Rd2 Re2+ 28. Rxe2 dxe2 29. Rg1 a6 30. c5 Rd8 31. Ba4 Nd3 32. b4 $2 {[#]} (32. Bc2 {keeps fighting.} Bxh2 33. Rg2 Nxc5+ 34. Ke3) 32... Nf2+ 33. Ke3 Nd1+ {Precision: White = 36%, Black = 69%.} 0-1

[Event "Brasil Copel Telecom SESC 2018"]
[Site "Caioba Matinhos"]
[Date "2018.08.04"]
[Round "7"]
[White "Languidey, Simon Alejandro"]
[Black "Granda Zuniga, Julio E"]
[Result "0-1"]
[WhiteElo "2381"]
[BlackElo "2631"]
[Annotator "TA"]
[PlyCount "96"]
[EventDate "2018.08.01"]
[EventType "swiss"]
[EventCountry "BRA"]
[SourceTitle "playchess.com"]
[Source "ChessBase"]
[SourceQuality "1"]

{[%evp 14,96,0,-22,0,0,8,14,23,25,29,-1,13,9,26,0,1,-37,-39,-29,-30,-39,-47,-89,-83,-87,-70,-51,-61,-63,-51,-57,-29,-39,-27,-30,-39,-31,-12,-52,-48,-47,-47,-59,-25,-60,-45,-39,-68,-98,-53,-102,-92,-139,-135,-131,-69,-164,-150,-164,-130,-145,-97,-164,-61,-164,-155,-246,-239,-272,-263,-406,-404,-405,-379,-412,-420,-402,-394,-687,-679,-720,-697,-877,-661]} 1. e4 e5 2. Nf3 Nc6 3. Bb5 a6 4. Ba4 Nf6 5. Qe2 Bd6 6. c3 {C77: Ruy Lopez: 3...a6 4 Ba4 Nf6, unusual lines} O-O 7. d3 Re8 8. Bg5 {LiveBook: 13 Games. The position is equal.} Bf8 9. Nbd2 {[%cal Bb1d2,Bd2f1,Bf1e3][%mdl 32]} d6 10. Nf1 Be6 $146 ({Predecessor:} 10... b5 11. Bc2 Nb8 12. Ne3 Nbd7 13. O-O h6 14. Bh4 {½-½ (46) Fedorov,A (2598)-Khismatullin,D (2656) Izhevsk 2011}) 11. Ne3 Be7 12. h3 h6 13. Bh4 Nd7 14. Bxe7 Nxe7 15. Nh4 c6 $36 {[%mdl 2048] Black is more active.} 16. O-O $1 d5 {[%cal Bd6d5,Bd5d4][%mdl 32]} 17. Qf3 d4 18. Nef5 Nxf5 19. Nxf5 Qf6 20. Rfe1 Rad8 21. Bc2 Nb6 22. Bb3 Nc8 23. cxd4 exd4 24. g4 Bxb3 25. axb3 Re5 26. Qg3 Ne7 $1 27. f4 Rb5 28. Ra3 Kf8 29. Nh4 g5 30. fxg5 hxg5 31. Nf5 Qe5 (31... Nxf5 {feels hotter.} 32. gxf5 Ke7 33. b4 Rxb4 34. Ra5 Rb3) 32. Kg2 Ng6 33. Qxe5 Nxe5 34. Rd1 f6 (34... Rc5 $17 35. Rd2 Rb5) 35. Rd2 (35. Kf1 $1 $15) 35... Kf7 36. Kg3 Ke6 37. Ng7+ Kd7 38. Nh5 (38. Kf2 $17) 38... Rf8 (38... Ke7 $19 39. Ng7 Kf7) 39. Ng7 (39. Kf2 $1 $15) 39... c5 $19 40. Nf5 (40. Nh5 $17) 40... Rc8 41. Rd1 Rc6 42. Nh6 (42. h4 $142 gxh4+ 43. Nxh4) 42... Rcb6 43. Ng8 Ke6 44. Rf1 Kf7 45. Nh6+ Kg6 46. Ng8 $2 {[#]} (46. Nf5 Rxb3 47. Ne7+ Kg7 48. Nd5 Rxa3 49. bxa3) 46... Re6 {Black is clearly winning.} 47. Rf5 {If only White now had time for Nxf6....} Nxd3 48. e5 Rxe5 {Precision: White = 29%, Black = 50%.} 0-1

[Event "Brasil Copel Telecom SESC 2018"]
[Site "Caioba Matinhos"]
[Date "2018.08.04"]
[Round "7"]
[White "Almiron, Antonio"]
[Black "Matsuura, Everaldo"]
[Result "1/2-1/2"]
[WhiteElo "2351"]
[BlackElo "2497"]
[Annotator "ChessBase"]
[PlyCount "52"]
[EventDate "2018.08.01"]
[EventType "swiss"]
[EventCountry "BRA"]
[SourceTitle "playchess.com"]
[Source "ChessBase"]
[SourceQuality "1"]
[TimeControl "5400+30"]

1. d4 {[%emt 0:00:00]} d5 {[%emt 0:01:52]} 2. c4 {[%emt 0:00:13]} c6 {[%emt 0:00:38]} 3. Nf3 {[%emt 0:02:15]} Nf6 {[%emt 0:01:24]} 4. g3 {[%emt 0:00:12]} Bf5 {[%emt 0:01:13]} 5. Nc3 {[%emt 0:00:10]} e6 {[%emt 0:01:40]} 6. Nh4 {[%emt 0:00:18]} Be4 {[%emt 0:05:39]} 7. f3 {[%emt 0:00:41]} Bg6 {[%emt 0:00:41]} 8. Qb3 {[%emt 0:00:20]} Qb6 {[%emt 0:07:35]} 9. Nxg6 {[%emt 0:02:39]} hxg6 {[%emt 0:00:51]} 10. c5 {[%emt 0:00:24]} Qc7 {[%emt 0:03:24]} 11. Bf4 {[%emt 0:00:12]} Qc8 {[%emt 0:00:52]} 12. e4 {[%emt 0:02:16]} Nh5 {[%emt 0:09:04]} 13. Ne2 {[%emt 0:24:04]} Nxf4 {[%emt 0:05:42]} 14. Nxf4 {[%emt 0:00:31]} Be7 {[%emt 0:09:37]} 15. Bd3 {[%emt 0:06:46]} Nd7 {[%emt 0:08:52]} 16. e5 {[%emt 0:02:28]} Qc7 {[%emt 0:08:38]} 17. Qc3 {[%emt 0:06:05]} g5 {[%emt 0:04:58]} 18. Ne2 {[%emt 0:00:25]} O-O-O {[%emt 0:02:54]} 19. O-O {[%emt 0:04:05]} Rh6 {[%emt 0:03:40]} 20. b4 {[%emt 0:01:42]} Rdh8 {[%emt 0:00:25]} 21. Rf2 {[%emt 0:01:24]} f6 {[%emt 0:00:17]} 22. exf6 {[%emt 0:00:40]} Bxf6 {[%emt 0:01:16]} 23. b5 {[%emt 0:02:13]} cxb5 {[%emt 0:07:09]} 24. Bxb5 {[%emt 0:00:03]} Nb8 {[%emt 0:00:33]} 25. Qe3 {[%emt 0:09:46]} Nc6 {[%emt 0:00:02]} 26. Bxc6 Qxc6 1/2-1/2

[Event "Brasil Copel Telecom SESC 2018"]
[Site "Caioba Matinhos"]
[Date "2018.08.04"]
[Round "8"]
[White "Matsuura, Everaldo"]
[Black "Stamenkovic, Dragan"]
[Result "0-1"]
[WhiteElo "2497"]
[BlackElo "2383"]
[Annotator "TA"]
[PlyCount "78"]
[EventDate "2018.08.01"]
[EventType "swiss"]
[EventCountry "BRA"]
[SourceTitle "playchess.com"]
[Source "ChessBase"]
[SourceQuality "1"]

{[%evp 15,78,10,24,17,4,25,35,-12,-13,-31,-12,-8,-15,-14,-5,-10,-18,-34,-6,-12,-25,-25,0,0,0,0,0,0,72,54,195,189,168,191,160,190,507,514,478,69,52,19,30,-195,-195,-195,-195,-195,-195,-191,-188,-268,-287,-283,-247,-247,-250,-649,-661,-637,-609,-545,-533,-508,-507]} 1. e4 d6 2. d4 Nf6 3. Nc3 g6 4. Be3 Bg7 5. Qd2 c6 6. f3 b5 {[%cal Bb7b5,Bb5b4][%mdl 32]} 7. O-O-O Nbd7 8. Kb1 {B07: Pirc Defence: Miscellaneous Systems} (8. Bh6 Bxh6 9. Qxh6 Qa5 10. Kb1 Bb7 11. Nh3 O-O-O 12. a3 a6 13. Qd2 Qc7 14. Na2 e5 15. c4 Qb6 16. cxb5 axb5 17. Be2 exd4 18. Qxd4 Qxd4 19. Rxd4 {½-½ (35) Vignesh,N (2470)-Rozum,I (2595) New Delhi 2018}) 8... Nb6 {LiveBook: 3 Games} 9. Bh6 Bxh6 10. Qxh6 {The position is equal.} a5 $146 ({Predecessor:} 10... b4 11. Nce2 Rb8 12. Nh3 Bxh3 13. gxh3 Na4 14. Nc1 a5 15. Nb3 Qc7 {1-0 (34) Sapaev,M (2144)-Guseynov,A (2128) Novbahor 2012}) 11. e5 b4 12. Ne4 dxe5 $1 ({But not} 12... Nxe4 $6 13. fxe4 Kd7 14. Be2 $14) 13. Qg7 Rf8 14. Bd3 Be6 {Strongly threatening ...Qd5.} 15. Ne2 $1 Qd5 {[#] Hoping for ...Nxe4.} 16. b3 a4 17. Nxf6+ exf6 18. Qxf6 {And now Be4 would win.} axb3 19. axb3 Qa5 {[%csl Ga8][%cal Ra5a1] [#]} 20. Kc1 {[%cal Bb1c1,Bc1d2,Bd2e2][%mdl 32]} Nd7 21. Qh4 exd4 (21... c5 $11) 22. Nxd4 $16 Qa1+ (22... Ne5 $14) 23. Kd2 $18 Qc3+ 24. Ke2 Ra5 25. Be4 Re5 $2 (25... Rh5 26. Qe1 Ne5 27. Qxc3 bxc3) 26. Rd3 ({Weaker is} 26. Nxe6 Rxe6 27. Ra1 f5 $11) 26... Qc5 27. Nxe6 $2 (27. Ra1 $18 g5 28. Qh6) 27... Rxe6 $14 28. Rhd1 Re7 $1 {aiming for ...f5.} 29. Qf2 $2 (29. Qxh7 $11 {and White has nothing to worry.} f5 30. Qxg6+ Kd8 31. Qh6) 29... f5 $19 30. Rxd7 Qb5+ 31. Ke1 Rxd7 32. Bd3 Qe5+ 33. Kf1 (33. Qe2 $142 Qxe2+ 34. Kxe2) 33... Qxh2 34. Re1+ Re7 35. Rxe7+ Kxe7 36. Bc4 $2 (36. Qd4) 36... Qh1+ {Black is clearly winning.} 37. Ke2 Re8 38. Kd2 Rd8+ 39. Bd3 Kf6 {Precision: White = 53%, Black = 64%.} 0-1

[Event "Brasil Copel Telecom SESC 2018"]
[Site "Caioba Matinhos"]
[Date "2018.08.04"]
[Round "8"]
[White "Cubas, Jose Fernando"]
[Black "Di Berardino, Diego Rafael"]
[Result "1-0"]
[WhiteElo "2489"]
[BlackElo "2528"]
[Annotator "TA"]
[PlyCount "122"]
[EventDate "2018.08.01"]
[EventType "swiss"]
[EventCountry "BRA"]
[SourceTitle "playchess.com"]
[Source "ChessBase"]
[SourceQuality "1"]

{[%evp 17,122,0,10,10,22,16,17,0,30,22,22,21,31,23,36,41,37,32,45,42,35,10,25,10,56,54,184,180,182,189,186,182,256,235,310,170,220,156,160,164,156,163,186,186,214,220,233,74,72,79,64,41,53,53,64,52,63,15,16,16,23,38,143,109,265,0,0,0,9,0,654,569,1154,1278,650,591,1321,1306,1038,853,12824,1847,1798,914,12831,0,0,0,0,0,0,0,0,0,0,0,12837,12838,12840,12840,12843,12843,12845,12845,12845,12845,12845]} 1. e4 c5 2. Nf3 d6 3. d4 cxd4 4. Nxd4 Nf6 5. Nc3 a6 6. Be3 e5 7. Nf3 Be7 8. Bc4 O-O 9. Bb3 {B90: Sicilian Najdorf: Unusual White 6th moves, 6 Be3 Ng4 and 6 Be3 e5} Nc6 {LiveBook: 4 Games} 10. Bg5 Ne8 11. Bxe7 {The position is equal.} Qxe7 12. Qd3 Na5 13. Nd5 Qd8 $1 14. O-O Be6 15. Rfd1 Rc8 16. Ne3 Nxb3 17. axb3 {[#] And now Nxe5! would win.} Qc7 $146 ({Predecessor:} 17... Qe7) 18. h3 $36 {[%mdl 2048] Black is under pressure.} h6 19. Qd2 Qe7 20. Qb4 Qc7 21. Rd3 f5 (21... g6 $14) 22. exf5 $18 Bxf5 23. Nxf5 Rxf5 24. Qg4 $1 {[%cal Rg4f5]} Qd7 {[#]} (24... e4 {was worth a try.}) 25. Nxe5 $1 {[%mdl 512]} Qe6 (25... dxe5 26. Rxd7) 26. Nf3 (26. Ng6 $142 Kf7 27. Re3) 26... Nf6 27. Qg6 Rf4 28. Rad1 Qe4 29. Qxe4 Nxe4 30. c3 a5 31. Rd4 Rcf8 32. Re1 $2 (32. Ra4 $18) 32... Rxf3 $16 33. gxf3 {[%mdl 4096] Endgame KRR-KRN} Ng5 34. Rxd6 Nxf3+ 35. Kf1 Nxe1 36. Kxe1 $14 {KR-KR} Rf3 37. Rd5 Rxh3 38. Rxa5 {With the idea Rb5.} Rh1+ 39. Ke2 h5 (39... Rb1 $1 $14) 40. Kf3 h4 $2 (40... g6 $16 41. Rb5 Rb1 42. Rxb7 Rxb2) 41. Kg2 $2 ({White has to play} 41. Rh5 $1 $18) 41... Rb1 $11 42. Rb5 {Black must now prevent Kh3.} Rxb2 43. Rxb7 Kh7 $2 {[%mdl 8192]} (43... g5 $11) 44. Kh3 $18 Rxf2 45. Kxh4 Kg6 46. Kg3 Rc2 47. Rc7 $1 Kf5 48. Kf3 g5 49. Rc5+ (49. b4 $142 Rc1 50. Rc5+ Ke6 51. c4) 49... Ke6 50. Ke3 g4 {[%cal Bg5g4,Bg4g3,Bg3g2][%mdl 32]} 51. Kd3 $2 (51. Kf4 $18 Kd6 52. Rc4) 51... Rb2 $11 52. b4 g3 53. Rg5 g2 54. Kc4 Rf2 55. Rg8 Kf5 56. Kb5 {aiming for c4.} Kf6 $2 {[%mdl 8192] [#]} (56... Ke4 $11) 57. Ka4 $1 $18 {White is clearly winning.} Kf5 {[#]} 58. c4 $1 {[%cal Bc3c4,Bc4c5][%mdl 32]} Ke5 59. c5 Kd5 60. Kb5 Rc2 61. Rg5+ Ke6 {Precision: White = 57%, Black = 36%.} 1-0

[Event "Brasil Copel Telecom SESC 2018"]
[Site "Caioba Matinhos"]
[Date "2018.08.04"]
[Round "8"]
[White "Sunye Neto, Jaime"]
[Black "Rodriguez Vila, Andres"]
[Result "0-1"]
[WhiteElo "2488"]
[BlackElo "2487"]
[Annotator "TA"]
[PlyCount "74"]
[EventDate "2018.08.01"]
[EventType "swiss"]
[EventCountry "BRA"]
[SourceTitle "playchess.com"]
[Source "ChessBase"]
[SourceQuality "1"]

{[%evp 26,74,-14,-13,0,0,10,0,0,0,0,0,13,0,0,0,0,0,0,0,0,0,0,0,0,0,0,-42,20,-28,-31,-69,-76,-68,-71,-49,-18,-18,-20,-19,-20,-25,-15,-908,-914,-904,-908,-901,-899,-1002,-998]} 1. c4 e5 2. Nc3 Nc6 3. g3 g6 4. Bg2 d6 5. d3 Bg7 6. Rb1 a5 7. a3 Nf6 8. Nf3 O-O 9. O-O Re8 10. Bg5 h6 11. Bxf6 Bxf6 12. b4 axb4 13. axb4 Bg7 {A26: English Opening vs King's Indian with ...Nc6 and d3} 14. e3 {[#] LiveBook: 4 Games} Bg4 $146 ({Predecessor:} 14... Ne7 15. b5 Be6 16. Nd2 c6 17. bxc6 bxc6 18. Ra1 Rxa1 19. Qxa1 d5 20. cxd5 cxd5 {½-½ (41) Timofeev,A (2598)-Mamedov,R (2660) Bilbao 2014}) 15. Qc2 Qd7 {The position is equal.} 16. Rfe1 Ne7 17. Nd2 c6 18. Na4 {Threatens to win with Nb6.} Rad8 19. Nb6 Qc7 20. c5 d5 21. e4 Be6 22. b5 dxe4 23. dxe4 cxb5 24. Rxb5 Nc6 {Strongly threatening ...Nd4.} 25. Nf3 f5 26. Rbb1 fxe4 (26... Qf7 $15) 27. Qxe4 Bf5 28. Qc4+ Kh7 29. Rbd1 e4 $1 {[%cal Re4f3]} 30. Nh4 Ne5 $36 {[%mdl 2048] Black is pushing.} 31. Qb5 $1 Nd3 {[#]} 32. Rxd3 $1 {[%mdl 512]} exd3 (32... Rxd3 33. Qxe8) 33. Rxe8 d2 34. Bf3 $2 {[%mdl 8192]} (34. Rxd8 $11 Qxd8 35. Bf3 d1=Q+ 36. Bxd1 Qxd1+ 37. Qf1 Qxf1+ 38. Kxf1) 34... d1=Q+ $19 {Black is clearly winning.} 35. Bxd1 Rxd1+ 36. Kg2 {[#]} Bd3 $1 {[%cal Rd3b5]} 37. Qb3 Qc6+ {Precision: White = 54%, Black = 65%.} 0-1

[Event "Brasil Copel Telecom SESC 2018"]
[Site "Caioba Matinhos"]
[Date "2018.08.04"]
[Round "8"]
[White "Perdomo, Leandro"]
[Black "Granda Zuniga, Julio E"]
[Result "0-1"]
[WhiteElo "2478"]
[BlackElo "2631"]
[Annotator "TA"]
[PlyCount "146"]
[EventDate "2018.08.01"]
[EventType "swiss"]
[EventCountry "BRA"]
[SourceTitle "playchess.com"]
[Source "ChessBase"]
[SourceQuality "1"]

{[%evp 15,146,42,55,18,10,12,62,43,50,35,60,69,56,52,45,0,1,2,8,11,10,-10,-18,-18,0,-6,-4,-9,-23,-33,-39,-33,-34,-30,-29,-28,-3,-1,-4,-27,-27,-49,-42,-98,-85,-125,-118,-125,-125,-125,-125,-125,-120,-117,-101,-125,-89,-142,-143,-143,-77,-109,-104,-139,-130,-126,-110,-193,-129,-141,-136,-206,-174,-241,-191,-200,-199,-309,-302,-291,-301,-475,-461,-485,-478,-446,-440,-519,-502,-465,-511,-480,-466,-477,-442,-467,-466,-454,-410,-397,-397,-948,-936,-912,-863,-1163,-670,-1168,-670,-662,-664,-660,-655,-642,-637,-624,-616,-606,-606,-592,-589,-581,-579,-886,-857,-1224,-1045,-841,-916,-1370,-1842,-1724,-1691]} 1. d4 Nf6 2. c4 e6 3. Nc3 Bb4 4. g3 c5 5. Nf3 O-O 6. Bg2 Qe7 {E20: Nimzo-Indian: 4 g3 and 4 f3} (6... cxd4 7. Nxd4 d5 8. cxd5 Nxd5 9. Qb3 Nc6 10. Nxc6 bxc6 11. O-O Qa5 12. Ne4 Ba6 13. Qc2 h6 14. a3 Be7 15. b4 Qb5 16. Re1 Qc4 17. Qb2 c5 18. Nxc5 Bf6 19. Qa2 Rac8 {0-1 (62) Carlsen,M (2877)-Naiditsch,A (2709) Tromsoe 2014 CBM 162 [Roiz,M]}) 7. O-O Bxc3 8. bxc3 d6 {LiveBook: 14 Games. White is slightly better.} 9. dxc5 dxc5 10. Bf4 {Strongly threatening Bd6.} Ne8 $146 (10... Rd8 $5 {[%cal Rd8d1]} 11. Qa4 Bd7 $11) ({Predecessor:} 10... Rd8 11. Qb3 Nc6 12. Rfd1 Rxd1+ 13. Rxd1 e5 14. Bg5 Be6 15. Nd2 Bf5 16. Nf1 {½-½ (56) Dvirnyy,D (2457)-Leniart,A (2423) Chotowa 2010}) 11. Ne5 f6 12. Nd3 Na6 13. Rb1 e5 14. Be3 Rb8 15. Bd5+ Kh8 $1 16. Qa4 {Hoping for Nxc5.} Nec7 17. Qa3 {[%cal Re3c5]} b6 18. Rfd1 Rd8 19. Ne1 Be6 20. Rd2 Rd7 21. Rbd1 Rbd8 22. Ng2 Nb8 {[%cal Rc7d5]} ({But not} 22... Bxd5 23. cxd5 Qd6 24. Qb3 $11) 23. Qb3 Qf7 {[%cal Rc7d5]} 24. Bxe6 Nxe6 25. Rd5 Kg8 26. f3 Qe8 27. Qa4 Nf8 $36 {[%mdl 2048] Black is pushing.} 28. Qc2 Qe6 {[%cal Rd7d5]} 29. Qd3 (29. Rxd7 $15 Rxd7 30. Rxd7 Qxd7 31. Bc1) 29... Nc6 $17 30. Bc1 Ne7 31. e4 b5 32. Qe2 {White wants to play Rxd7.} Nxd5 33. cxd5 Qa6 34. Ne3 Ng6 35. h4 h5 36. Nf5 (36. Rd2 $142) 36... Ne7 {White must now prevent ...Nxf5.} 37. Ne3 Rd6 (37... c4 $142 38. Qb2 {[#]} f5 $1 {[%mdl 512]}) 38. Kh1 Qa4 39. g4 hxg4 40. Nxg4 Ra6 41. a3 (41. Be3 $17 {is a better defense.}) 41... Kf7 ({Better is} 41... Qb3 $19 42. h5 Qxc3) 42. Kg2 Rh8 43. Kg3 (43. h5 $17) 43... Qc4 44. Qd2 (44. Qc2 {was worth a try.}) 44... Nc8 45. Ne3 Qb3 46. Nf5 (46. Rg1 $142) 46... Nd6 $19 47. Nxd6+ Rxd6 48. Rf1 {[#]} (48. Qe2 $142) 48... f5 $1 49. exf5 Qc4 50. Rh1 Rh5 51. Qc2 Rxd5 52. Qe4 Qxe4 53. fxe4 {[%mdl 4096] Endgame KRR-KRB} Rd3+ 54. Kg4 Rh8 55. Bg5 Rb8 56. h5 a6 {[%cal Ba7a6,Ba6b5][%mdl 32]} 57. h6 Rh8 {...gxh6 is the strong threat.} 58. a4 $2 (58. h7) 58... gxh6 {[%cal Bg7h6,Bh6h5][%mdl 32] Black is clearly winning.} 59. axb5 axb5 60. Bh4 h5+ 61. Kg5 Rdd8 {[%cal Rd8g8]} 62. f6 Ke6 {[%cal Rd8g8]} 63. f7 Kxf7 64. Kf5 Rd3 65. Ra1 {intending Ra7+.} Rf3+ 66. Kxe5 Re8+ 67. Kd5 Rd3+ 68. Kxc5 Re5+ 69. Kc6 Rxc3+ 70. Kd6 Rxe4 71. Rf1+ Kg6 72. Bf6 Rd3+ 73. Kc5 b4 {Precision: White = 48%, Black = 73%.} 0-1